[Event "Rutas de Cuenca op 2nd"]
[Site "Cuenca"]
[Date "2015.06.19"]
[Round "2"]
[White "Torres Ferrandez, Mario"]
[Black "Serna Lara, Sergio"]
[Result "0-1"]
[WhiteElo "1967"]
[BlackElo "2166"]
[PlyCount "62"]
[EventDate "2015.06.19"]
[EventType "swiss"]
[EventRounds "7"]
[EventCountry "ESP"]
[SourceTitle "EXT 2019"]
[Source "ChessBase"]
[SourceDate "2018.10.10"]
[SourceVersion "1"]
[SourceVersionDate "2018.10.10"]
[SourceQuality "1"]

1. f4 d5 2. Nf3 g6 3. g3 Bg7 4. Bg2 Nh6 5. e3 0-0 6. d4 Nd7 7. 0-0 Nf6 8. c4 c6 9. Qe2 Nf5 10. Nc3 Nd6 11. Nd2 Bg4 12. Qf2 dxc4 13. e4 Nb5 14. h3 Nxd4 15. e5 Bf5 16. exf6 Bxf6 17. Nde4 Bg7 18. Be3 Nb5 19. Nxb5 cxb5 20. g4 Bc8 21. Bxa7 Rxa7 22. Rfd1 Qa5 23. f5 Ra6 24. Qh4 Qb6+ 25. Kh1 gxf5 26. Rd6 exd6 27. Ng5 h6 28. Nxf7 d5 29. Bxd5 Be6 30. Rd1 Bxd5+ 31. Rxd5 Qc6 0-1

[Event "St Casablanca la Constitucion 2nd"]
[Site "St Casablanca"]
[Date "2013.12.07"]
[Round "3.3"]
[White "Palacios Herrero, Pablo"]
[Black "Torres Ferrandez, Mario"]
[Result "1-0"]
[WhiteElo "1994"]
[BlackElo "1894"]
[PlyCount "87"]
[EventDate "2013.12.06"]
[EventType "swiss"]
[EventRounds "7"]
[EventCountry "ESP"]
[SourceTitle "EXT 2024"]
[Source "ChessBase"]
[SourceDate "2023.10.10"]
[SourceVersion "1"]
[SourceVersionDate "2023.10.10"]
[SourceQuality "1"]

1. e4 d5 2. exd5 Qxd5 3. Nc3 Qd6 4. d4 Nf6 5. Bb5+ c6 6. Be2 g6 7. Be3 Bg7 8. Qd2 h5 9. h3 Be6 10. Nf3 Nd5 11. Ne4 Qb4 12. c3 Qa5 13. Nc5 Bc8 14. 0-0 Qc7 15. Bg5 f6 16. c4 fxg5 17. cxd5 Qf4 18. Bd3 Rh6 19. Qc2 g4 20. Bxg6+ Kf8 21. Nh4 gxh3 22. g3 Qxd4 23. Nf5 Qxd5 24. Ne3 Qd6 25. Rad1 Bd4 26. Rxd4 Qxd4 27. Rd1 Qf6 28. Rd8+ Kg7 29. Rxc8 Rxg6 30. Qc4 e6 31. Nxb7 h4 32. Nd6 h2+ 33. Kg2 h3+ 34. Kxh2 Qxf2+ 35. Kh1 Qxe3 36. Ne8+ Kf7 37. Nd6+ Ke7 38. Qh4+ Kxd6 39. Rd8+ Kc5 40. Qe7+ Kb6 41. Qb4+ Ka6 42. Qc4+ Kb7 43. Qb4+ Qb6 44. Qe7+ 1-0